[Event "Leon-B"]
[Site "Leon"]
[Date "1996.??.??"]
[Round "9"]
[White "Garcia Ilundain, David"]
[Black "Izeta Txabarri, Felix"]
[Result "1/2-1/2"]
[WhiteElo "2550"]
[BlackElo "2470"]

1.d4 Nf6 2.c4 e6 3.Nf3 Bb4+ 4.Bd2 c5 5.Bxb4 cxb4 6.g3 b6 7.a3 bxa3 8.Rxa3 Bb7
9.Bg2 O-O 10.O-O Qc7 11.Qd3 Nc6 12.Nc3 Nb4 13.Nb5 Qb8 14.Qd2 a5 15.Qf4 Qxf4
16.gxf4 d5 17.Ne5 Rfd8 18.c5 Ne8 19.cxb6 Ra6 20.Nc7 Rxb6 21.Nxe8 Rxe8 22.Rc1 Nc6
23.Nxc6 Bxc6 24.Rxa5 g6 25.b3 Reb8 26.Ra3 Be8 27.Rc3 Kg7 28.Kf1 Kf6 29.Ke1 h6
30.Kd2 Rb4 31.e3 g5 32.fxg5+ hxg5 33.Bf3 R4b7 34.Kc2 Ke7 35.e4 dxe4 36.Bxe4 Rd7
37.Rc4 f6 38.Ra6 Bf7 39.Bc6 Rc7 40.Ba4 Rcb7 41.Rac6 Be8 42.Rc7+ Rxc7 43.Rxc7+ Kd6
44.Ra7 Bxa4 45.bxa4 Rh8 46.Kd3 Rxh2 47.Ra6+ Kd5 48.Ra5+  1/2-1/2

[Event "Liechtenstein op"]
[Site "Liechtenstein"]
[Date "1996.??.??"]
[Round "5"]
[White "Schmidlechner, Alexander"]
[Black "Gaertner, Guntram"]
[Result "1/2-1/2"]
[WhiteElo "2255"]
[BlackElo "2350"]

1.d4 Nf6 2.c4 e6 3.Nf3 Bb4+ 4.Bd2 a5 5.Nc3 b6 6.e3 Bxc3 7.Bxc3 Ne4 8.Qc2 Bb7
9.Nd2 Nxc3 10.Qxc3 O-O 11.Bd3 d6 12.O-O Nd7 13.Be4 Bxe4 14.Nxe4 f5 15.Nd2 Qh4
16.Rae1 Rf6 17.e4 f4 18.e5 dxe5 19.Nf3 Qg4 20.h3 Qg6 21.Nxe5 Nxe5 22.Rxe5 f3
23.g3 Qf7 24.Rfe1 Qd7 25.Qe3 Rd8 26.d5 exd5 27.Rxd5 Qc8 28.Qd4 Rdd6 29.Rxd6 Rxd6
30.Qe4 Qf8  1/2-1/2

[Event "Anibal op 3rd"]
[Site "Linares"]
[Date "1996.??.??"]
[Round "?"]
[White "Kadimova, Ilaha"]
[Black "Rashkovsky, Nukhim N"]
[Result "1/2-1/2"]
[WhiteElo "2325"]
[BlackElo "2505"]

1.d4 Nf6 2.c4 e6 3.Nf3 Bb4+ 4.Bd2 Qe7 5.g3 Nc6 6.Bg2 Bxd2+ 7.Nbxd2 a5 8.e4 d6
9.O-O e5 10.d5 Nb8 11.Ne1 O-O 12.Nd3 c6 13.Qe2 Na6 14.Rfe1 Nb4 15.Nxb4 axb4
16.h3 c5 17.Qe3 Bd7 18.a3 Ra4 19.axb4 Rxb4 20.b3 Rb8 21.Ra7 Ne8 22.Rea1 Nc7
23.R7a5 Qd8 24.f4 f6 25.f5 Rb6 26.Qc3 Na6 27.Kf2 Nb4 28.Bf3 Ra6 29.Rxa6 bxa6
30.Nf1 g6 31.g4 Qf8 32.Qd2 Qg7 33.Ng3 Kf7 34.Rg1 a5 35.Ra1 Ra8 36.Bd1 Ke7
37.Qe3 Kd8 38.Ke1 Kc7 39.Kd2 Qf8 40.Kc3 Qc8 41.Qh6 a4 42.bxa4 Bxa4 43.Qxh7+ Bd7
44.Ba4 Rxa4 45.Rxa4 Qb8 46.fxg6 Na2+ 47.Kc2 Nb4+ 48.Kd2 Nd3 49.Ne2 Nb2 50.g7 Nxa4
51.g8=Q Qb2+ 52.Ke3 Nc3 53.Qxd7+ Kxd7 54.Qe6+ Kc7 55.Qe7+ Kb6 56.Qxd6+ Kb7
57.Qc6+ Kb8 58.Qe8+ Kb7 59.Qd7+ Kb8 60.Qd8+ Kb7 61.Qd7+  1/2-1/2

[Event "Litomysl op"]
[Site "Litomysl"]
[Date "1996.??.??"]
[Round "5"]
[White "Piza, Vlastimil"]
[Black "Liwak, Przemyslaw"]
[Result "1-0"]
[WhiteElo "2275"]
[BlackElo "2085"]

1.d4 Nf6 2.c4 e6 3.Nf3 Bb4+ 4.Bd2 Qe7 5.g3 Nc6 6.Bg2 Bxd2+ 7.Nbxd2 d6 8.O-O O-O
9.e4 e5 10.d5 Nb8 11.Ne1 a5 12.Nd3 Na6 13.f4 Nc5 14.Nxc5 dxc5 15.f5 Ra6 16.g4 Ne8
17.Qe1 f6 18.a4 Nd6 19.b3 Bd7 20.Qe3 c6 21.Rf2 Be8 22.Bf1 b5 23.cxb5 cxb5
24.Qxc5 Ra8 25.axb5 Nxf5 26.Qxe7 Nxe7 27.b6 Bd7 28.Nc4 Rfb8 29.Rfa2 Bxg4
30.Rxa5 Rxa5 31.Rxa5 Nc8 32.Rb5 Kf8 33.b7 Ne7 34.Nd6 f5 35.Ra5  1-0

[Event "RH-chB"]
[Site "Mainz"]
[Date "1996.??.??"]
[Round "8"]
[White "Lisanti, Andre"]
[Black "Spiegel, Stefan"]
[Result "1/2-1/2"]
[WhiteElo "2325"]
[BlackElo "2250"]

1.d4 Nf6 2.Nf3 e6 3.c4 Bb4+ 4.Bd2 Qe7 5.g3 Nc6 6.Nc3 Bxc3 7.Bxc3 Ne4 8.Rc1 O-O
9.d5 Nxc3 10.Rxc3 Nb8 11.Bh3 d6 12.O-O a5 13.e4 e5 14.Bxc8 Rxc8 15.Nh4 g6
16.Qg4 Rf8 17.c5 Kh8 18.cxd6 cxd6 19.Rfc1 Na6 20.b3 Nc5 21.a3 Qf6 22.b4 axb4
23.axb4 Na6 24.Rb3 Qd8 25.Kg2 Rc8 26.Rxc8 Qxc8 27.Qg5 Qd8 28.Qh6 Kg8 29.g4 Qe7
30.Rh3 Qd7 31.Nf5 f6 32.Nxd6 Nxb4 33.Qh4 Nc2 34.Nc4 Nd4 35.g5 Ne2 36.Rf3 Nf4+
37.Rxf4 exf4 38.Qxf4 f5 39.Ne3 Qa4 40.f3 Re8 41.Qc7 Qb4 42.Qd7 Qe7 43.Qxe7 Rxe7
44.d6 Rd7 45.e5 Kf7 46.f4 Ke6 47.Kf3 b5 48.Nc2 Kd5 49.Ke3 Rb7 50.Nb4+ Kc5
51.Na6+ Kd5 52.Nb4+ Kc5 53.Na6+  1/2-1/2

[Event "Mar del Plata op"]
[Site "Mar del Plata"]
[Date "1996.??.??"]
[Round "5"]
[White "Vescovi, Giovanni"]
[Black "Milos, Gilberto"]
[Result "1/2-1/2"]
[WhiteElo "2475"]
[BlackElo "2565"]

1.d4 Nf6 2.Nf3 e6 3.c4 Bb4+ 4.Bd2 Qe7 5.g3 Nc6 6.Bg2 Bxd2+ 7.Nbxd2 d6 8.O-O a5
9.e4 e5 10.d5 Nb8 11.Ne1 O-O 12.Nd3 Na6 13.Qe2 Nd7 14.b3 Ndc5 15.a3 f5 16.exf5 Bxf5
17.Nxc5 Nxc5 18.Qe3 Qd7 19.Ne4 Bxe4  1/2-1/2

[Event "Mar del Plata op"]
[Site "Mar del Plata"]
[Date "1996.??.??"]
[Round "5"]
[White "Pereyra Arcija, Diego"]
[Black "Cristobal, Ruben"]
[Result "1/2-1/2"]
[WhiteElo "2430"]
[BlackElo "2250"]

1.d4 Nf6 2.Nf3 e6 3.c4 Bb4+ 4.Bd2 Qe7 5.g3 O-O 6.Bg2 Nc6 7.O-O Bxd2 8.Nbxd2 d6
9.e4 a5 10.Qe2 e5 11.d5 Nd8 12.Ne1 Bg4 13.f3 Bd7 14.Nd3 c6 15.Rae1 b5 16.b3 Nb7
17.f4 Ne8 18.Qe3 Ra6 19.fxe5 dxe5 20.c5 f6 21.a4 bxa4 22.d6 Qe6 23.bxa4 g6
24.Rb1 Ra7 25.Bf3 Ng7 26.Bd1 Qe8 27.Bb3+ Be6 28.Nc4 Nd8 29.Rf2 Kh8 30.Qe1 Nh5
31.Nxa5 Bxb3 32.Rxb3 Ne6 33.Rb7 Rxb7 34.Nxb7 Ng5 35.Kg2 Qc8 36.Rb2 Qh3+ 37.Kh1 Nxe4
38.Rg2 Nhxg3+ 39.Kg1 Qf5 40.hxg3 Ng5 41.Qd1 Nf3+ 42.Kf1 Nh2+ 43.Kg1 Nf3+  1/2-1/2

[Event "Wch U20"]
[Site "Medellin"]
[Date "1996.??.??"]
[Round "2"]
[White "Fridman, Daniel"]
[Black "Maherramzade, Javad"]
[Result "1-0"]
[WhiteElo "2500"]
[BlackElo "2415"]

1.d4 Nf6 2.Nf3 e6 3.c4 Bb4+ 4.Bd2 Qe7 5.g3 Nc6 6.Nc3 Bxc3 7.Bxc3 Ne4 8.Rc1 O-O
9.d5 Nxc3 10.Rxc3 Nb8 11.Bg2 d6 12.dxe6 fxe6 13.Nd4 c6 14.O-O e5 15.Nc2 Na6
16.e4 Be6 17.Ne3 Rad8 18.Qd2 Bc8 19.Ra3 Qc7 20.b4 Qb6 21.Rb3 Be6 22.Kh1 Qc7
23.Rd3 Qf7 24.f4 exf4 25.Rxf4 Qe7 26.Rxf8+ Qxf8 27.c5 Qf6 28.a3 Qa1+ 29.Qd1 Qxd1+
30.Rxd1 Nc7 31.cxd6 Nb5 32.e5 Nxa3 33.Bf1 a6 34.Kg1 Nb5 35.Bxb5 axb5 36.Nc2 Bb3
37.Rf1 Rf8 38.Nd4 Rxf1+ 39.Kxf1 Bc4+ 40.Kf2 Kf7 41.Ke3 Be6 42.h4 Bd7 43.Kf4 h6
44.g4 Be6 45.g5 hxg5+ 46.hxg5 g6 47.Ke3 Bd7 48.Nb3 b6 49.Nd4 c5 50.bxc5 bxc5
51.Nb3 Ke6 52.Nxc5+ Kxe5 53.Nxd7+ Kxd6 54.Nf8 Ke5 55.Kd3  1-0

[Event "Wch U20"]
[Site "Medellin"]
[Date "1996.??.??"]
[Round "11"]
[White "Pereyra Arcija, Diego"]
[Black "Del Rio de Angeles, Gabriel"]
[Result "1/2-1/2"]
[WhiteElo "2420"]
[BlackElo "2325"]

1.d4 e6 2.c4 Nf6 3.Nf3 Bb4+ 4.Bd2 Qe7 5.g3 Nc6 6.Bg2 Bxd2+ 7.Nbxd2 O-O 8.O-O d6
9.e4 e5 10.d5 Nb8 11.Ne1 a5 12.b3 h5 13.h3 Na6 14.a3 Bd7 15.Nd3 c6 16.dxc6  1/2-1/2

[Event "Wch U20 Girls"]
[Site "Medellin"]
[Date "1996.??.??"]
[Round "12"]
[White "Esirkepova, Altyn"]
[Black "Tkeshelashvili, Sofia"]
[Result "1/2-1/2"]
[WhiteElo "2150"]
[BlackElo "2170"]

1.d4 Nf6 2.c4 e6 3.Nf3 Bb4+ 4.Bd2 Qe7 5.g3 O-O 6.Bg2 Bxd2+ 7.Nbxd2 d6 8.O-O e5
9.Qc2 a5 10.e4 Nc6 11.d5 Nb4 12.Qc3 Bg4 13.Rfe1 b6 14.a3 Na6 15.b4 a4 16.Qc2 Bd7
17.Nb1 Nh5 18.Nc3 Qe8 19.Nd2 g6 20.Rac1 Qd8 21.Ndb1 f5 22.f3 Ng7 23.Nxa4 Nxb4
24.axb4 Rxa4 25.Qb2 h5 26.Nc3 Ra8 27.Ra1 Rxa1 28.Rxa1 h4 29.c5 hxg3 30.hxg3 Qg5
31.Qf2 Nh5 32.cxb6 cxb6 33.Kh2 Kf7 34.Ra7 Ke7 35.Bh3 Rh8 36.exf5 gxf5 37.Ne4 Qh6
38.Qxb6 Nf4 39.Rxd7+ Kxd7 40.Qb7+ Kd8 41.Qb8+ Ke7 42.Qc7+ Kf8 43.Qd8+ Kf7
44.Qd7+ Kg8 45.Qd8+ Qf8 46.Qg5+ Qg7 47.Qd8+ Kf7 48.Qd7+ Kg8 49.Qd8+ Kh7 50.Qh4+ Kg8
51.Qd8+  1/2-1/2

[Event "Wch U16"]
[Site "Menorca"]
[Date "1996.??.??"]
[Round "4"]
[White "Halkias, Stelios"]
[Black "Liang Chong"]
[Result "1-0"]
[WhiteElo "2330"]
[BlackElo "2275"]

1.d4 Nf6 2.c4 e6 3.Nf3 Bb4+ 4.Bd2 Qe7 5.g3 Nc6 6.Nc3 O-O 7.Bg2 d5 8.a3 Bxc3
9.Bxc3 Ne4 10.Rc1 Rd8 11.Qb3 a5 12.O-O a4 13.Qc2 Bd7 14.e3 Be8 15.Ne5 f6
16.Nd3 Bg6 17.Nf4 Qf7 18.Qe2 Ne7 19.Bb4 Nd6 20.cxd5 Nxd5 21.Bxd6 Rxd6 22.Nxg6 hxg6
23.Rc4 b5 24.Rc5 c6 25.Rfc1 Ra6 26.h4 Qd7 27.Qg4 Ne7 28.Bf3 Rb6 29.Qe4 Rd5
30.R5c2 e5 31.dxe5 Rxe5 32.Qb4 Nd5 33.Qd4 Ra6 34.Rd2 Qe6 35.Rxc6 Rxc6 36.Bxd5 Rxd5
37.Qxd5 Qxd5 38.Rxd5 Rb6 39.Kg2 Kf7 40.Rd7+ Kf8 41.Kf3 Rc6 42.Rd5 Rb6 43.Rd7 Rc6
44.Rb7 Rc5 45.g4 g5 46.h5 f5 47.Kg3 Kg8 48.gxf5 Rxf5 49.f3 Kh7 50.Kg4 Rc5
51.e4 Re5 52.Rd7 Rc5 53.Rd5  1-0

[Event "Metz op"]
[Site "Metz"]
[Date "1996.??.??"]
[Round "?"]
[White "Munschi, Serge"]
[Black "Heymes, J."]
[Result "1-0"]
[WhiteElo "2290"]
[BlackElo "1910"]

1.d4 Nf6 2.c4 e6 3.Nf3 Bb4+ 4.Bd2 Be7 5.Nc3 b6 6.g3 O-O 7.Bg2 Bb7 8.Qc2 c5
9.dxc5 bxc5 10.O-O d6 11.Rad1 Nbd7 12.Bf4 Qb6 13.Ng5 Bxg2 14.Kxg2 Rfd8 15.Rd2 Nf8
16.Rfd1 Ng6 17.Nge4 Nxf4+ 18.gxf4 Rd7 19.Kg1 Rad8 20.f5 Qc6 21.Nxf6+ Bxf6
22.Qe4 Qxe4 23.Nxe4 d5 24.fxe6 fxe6 25.Nxc5 Re7 26.Ne4 Rb8 27.Nxf6+ gxf6
28.cxd5 exd5 29.b3 Kf7 30.e3 Rc8 31.Rxd5 Rc2 32.R1d2  1-0

[Event "Minsk"]
[Site "Minsk"]
[Date "1996.??.??"]
[Round "9"]
[White "Dydyshko, Viacheslav"]
[Black "Aleksandrov, Aleksej"]
[Result "1/2-1/2"]
[WhiteElo "2575"]
[BlackElo "2535"]

1.d4 Nf6 2.c4 e6 3.Nf3 Bb4+ 4.Bd2 a5 5.g3 d5 6.Bg2 dxc4 7.Qc2 Bxd2+ 8.Nbxd2 b5
9.a4 c6 10.O-O O-O 11.Rfd1 Na6 12.b3 Nb4 13.Qc1 cxb3 14.Nxb3 bxa4 15.Nc5  1/2-1/2

[Event "Amber-rapid 5th"]
[Site "Monte Carlo"]
[Date "1996.??.??"]
[Round "4"]
[White "Lautier, Joel"]
[Black "Anand, Viswanathan"]
[Result "1/2-1/2"]
[WhiteElo "2630"]
[BlackElo "2725"]

1.d4 Nf6 2.c4 e6 3.Nf3 Bb4+ 4.Bd2 Qe7 5.g3 Nc6 6.Bg2 Bxd2+ 7.Nbxd2 O-O 8.O-O d6
9.e4 a5 10.Qb3 e5 11.d5 Nb8 12.Ne1 Na6 13.Nd3 b6 14.Qc3 Nc5 15.b3 Bd7 16.a3 Nxd3
17.Qxd3 Rfb8 18.Qc3 Be8 19.b4 Nd7 20.Bh3 Qd8 21.Nb3 Nf6 22.Bg2 c6 23.dxc6 Bxc6
24.Qd3 Ba4 25.Nd2 b5 26.bxa5 Qxa5 27.Rfc1 b4 28.axb4 Rxb4 29.Qxd6 Rd8 30.Nb3 Rxd6
31.Nxa5 Ra6 32.c5 Rxa5 33.c6 Ra8 34.Bh3 Ne8 35.c7 Nxc7  1/2-1/2

[Event "Moravia-ch op"]
[Site "Moravia"]
[Date "1996.??.??"]
[Round "?"]
[White "Jakubowski, Krzysztof"]
[Black "Vyskocil, Neklan"]
[Result "1/2-1/2"]
[WhiteElo "2120"]
[BlackElo "2260"]

1.d4 Nf6 2.c4 e6 3.Nf3 Bb4+ 4.Bd2 Qe7 5.a3 Bxd2+ 6.Qxd2 b6 7.Nc3 Bb7 8.e3 O-O
9.Be2 d6 10.O-O Nbd7 11.Rfd1 Ne4 12.Nxe4 Bxe4 13.Ne1 e5 14.b4 a5 15.d5 Bg6
16.Bd3 f5 17.f4 Rfe8 18.Nc2 Qf6 19.Re1 Re7 20.Rab1 axb4 21.axb4 Rae8 22.g3 h6
23.Rf1 exf4 24.exf4 Bf7 25.Rfe1 b5 26.c5 Rxe1+ 27.Rxe1 Rxe1+ 28.Qxe1 dxc5
29.Bxb5 Nb6 30.bxc5 Nxd5 31.Bc4 Qc3 32.Qxc3 Nxc3 33.Bd3 g6 34.Kf2 Na4 35.c6 Kf8
36.Nd4 Nc5 37.Bc2 Ke7 38.Nf3 Kd6 39.Ne5 Be8 40.Ke3 Ne6 41.h3 Nd8 42.g4 fxg4
43.hxg4 g5 44.Nf3 gxf4+ 45.Kxf4 Ne6+ 46.Ke3 Bxc6 47.Nd2 Bd5 48.Be4 Ng5 49.Bxd5 Kxd5
50.Kf4 Kd4 51.Kf5 Kc3 52.Nb1+ Kb2 53.Nd2 Kc3 54.Nb1+ Kb3 55.Nd2+ Kc2 56.Nc4 Nf3
57.Kg6 Kd3 58.Na5 Nh2 59.Kxh6 Nxg4+ 60.Kg5 Ne3 61.Kf6 c5 62.Ke5 Nc4+ 63.Kd5  1/2-1/2

[Event "Moscow (Women)"]
[Site "Moscow"]
[Date "1996.??.??"]
[Round "?"]
[White "Zhurina, Elizaveta"]
[Black "Edzgveradze, Natalia"]
[Result "0-1"]
[WhiteElo "2220"]
[BlackElo "2305"]

1.d4 Nf6 2.Nf3 e6 3.c4 Bb4+ 4.Bd2 Qe7 5.g3 Nc6 6.Bg2 Bxd2+ 7.Nbxd2 d6 8.O-O e5
9.e3 O-O 10.Qc2 Bd7 11.a3 a5 12.b3 Rfe8 13.d5 Nb8 14.b4 Na6 15.Rab1 axb4
16.axb4 Rec8 17.Ng5 Rab8 18.f4 h6 19.Nge4 Ng4 20.Qb3 b5 21.c5 dxc5 22.bxc5 f5
23.c6 fxe4 24.cxd7 Qxd7 25.Nxe4 exf4 26.Rxf4 Ne5 27.Rbf1 Kh8 28.Nf2 Re8 29.e4 Nc5
30.Qc3 Qd6 31.Ng4 b4 32.Qd2 Nxg4 33.Rxg4 Rf8 34.Rgf4 Nd7 35.Qf2 b3 36.Qb2 Qc5+
37.Kh1 Qc4 38.Rc1 Qb4  0-1

[Event "Moscow IM3"]
[Site "Moscow"]
[Date "1996.??.??"]
[Round "?"]
[White "Lymar, Irina"]
[Black "Moizhess, Igor"]
[Result "1/2-1/2"]
[WhiteElo "2210"]
[BlackElo "2445"]

1.d4 Nf6 2.Nf3 e6 3.c4 Bb4+ 4.Bd2 Qe7 5.g3 Nc6 6.Bg2 Bxd2+ 7.Nbxd2 d6 8.e4 e5
9.d5 Nb8 10.O-O O-O 11.Ne1 a5 12.Nd3 Na6 13.f4 exf4 14.gxf4 Re8 15.e5 Ng4
16.Qf3 Bf5 17.h3 Nh6 18.Rfe1 Qh4 19.Ne4 Re7 20.c5 Rd8 21.cxd6 cxd6 22.exd6 Rxe4
23.Rxe4 Bxe4 24.Qxe4 g6 25.Rc1 Nf5 26.d7 Nd6 27.Qd4 Rxd7 28.Ne5 Rc7 29.Rxc7 Nxc7
30.Nd7 Nce8 31.Qe5  1/2-1/2

[Event "Moscow IM3"]
[Site "Moscow"]
[Date "1996.??.??"]
[Round "?"]
[White "Lymar, Irina"]
[Black "Zhidkov, Valery S"]
[Result "1/2-1/2"]
[WhiteElo "2210"]
[BlackElo "2385"]

1.d4 Nf6 2.Nf3 e6 3.c4 Bb4+ 4.Bd2 Qe7 5.g3 Nc6 6.Bg2 Bxd2+ 7.Nbxd2 d6 8.e4 a5
9.O-O e5 10.d5 Nb8 11.Ne1 h5 12.Nd3 h4 13.b3 Na6 14.a3 Bg4 15.Bf3  1/2-1/2

[Event "Moscow GM3"]
[Site "Moscow"]
[Date "1996.??.??"]
[Round "?"]
[White "Korotylev, Alexey"]
[Black "Aleksandrov, Aleksej"]
[Result "1/2-1/2"]
[WhiteElo "2440"]
[BlackElo "2535"]

1.d4 Nf6 2.c4 e6 3.Nf3 Bb4+ 4.Bd2 a5 5.Nc3 O-O 6.Bg5 d5 7.e3 h6 8.Bh4 c5
9.Rc1 cxd4 10.exd4 b6 11.Be2 dxc4 12.Bxc4 Ba6 13.Bxa6 Rxa6 14.O-O Bxc3 15.bxc3 Nbd7
16.Qe2 Qa8 17.c4 a4 18.Rfd1 Ra5 19.Ne5 Rc8 20.Bxf6  1/2-1/2

[Event "Moscow GM3"]
[Site "Moscow"]
[Date "1996.??.??"]
[Round "?"]
[White "Rakhmangulov, Andrei"]
[Black "Aleksandrov, Aleksej"]
[Result "1/2-1/2"]
[WhiteElo "2445"]
[BlackElo "2535"]

1.d4 Nf6 2.Nf3 e6 3.c4 Bb4+ 4.Bd2 a5 5.Qc2 d5 6.a3 Bxd2+ 7.Nbxd2 Nbd7 8.cxd5 exd5
9.e3 O-O 10.Bd3 c6 11.O-O a4 12.b4 axb3 13.Nxb3 Ra4 14.Nbd2 Qa5 15.Qb2 Qc7
16.Rfc1 Re8 17.Qb3 Ra5 18.Qc2 h6 19.a4 Nb6 20.Ne5 Ng4 21.Ndf3 Nxe5 22.Nxe5 Nd7
23.Nf3 Nf6 24.Nd2 Ng4 25.Nf1 Bd7 26.Bh7+ Kh8 27.Bf5 Bxf5 28.Qxf5 Nf6 29.Nd2 Rea8
30.Qc2 Ne8 31.Ra2 Nd6 32.h3 f5 33.Rca1 Ne4 34.Nb3 R5a7 35.a5 f4 36.f3 Ng5
37.h4 Nh7 38.Qd2 fxe3 39.Qxe3 Nf6 40.Qe5 Qf7 41.Nc5 Re8 42.Qf4 Qe7 43.Nd3 Nh5
44.Qe5 Qxe5 45.dxe5 g5 46.a6 Nf4 47.axb7 Rxb7 48.Nxf4 gxf4 49.Rc2 Re6 50.Ra6 Rc7
51.Rc5 Rxe5 52.Rcxc6 Rxc6 53.Rxc6 Kg7 54.Kf2  1/2-1/2

[Event "Moscow GM4"]
[Site "Moscow"]
[Date "1996.??.??"]
[Round "?"]
[White "Kiselev, Sergey"]
[Black "Kazantsev, Valentin"]
[Result "1/2-1/2"]
[WhiteElo "2525"]
[BlackElo "2275"]

1.d4 Nf6 2.c4 e6 3.Nf3 Bb4+ 4.Bd2 Bxd2+ 5.Qxd2 b6 6.Nc3 Bb7 7.Qf4 d5 8.cxd5 Nxd5
9.Nxd5 Qxd5 10.Qxc7 Nd7 11.Qc3 O-O 12.e3 Rfc8 13.Qd3 Qa5+ 14.Qd2 Qf5 15.Bd3 Qg4
16.Kf1 Bxf3 17.gxf3 Qxf3 18.Rg1 Nf6 19.Qe2 Qh3+ 20.Rg2 Rc7 21.Kg1 Rac8 22.Qd1 g6
23.Kh1 Kg7 24.Rg1 Rd8 25.Qe2 Rd5 26.Rg3 Qh4 27.f4 Rh5 28.Qg2 Nd5 29.Rg1 Rh6
30.a3 Qd8 31.Qf3 Ne7 32.Rg5 f5 33.R5g3 Qd5 34.h3 Qxf3+ 35.Rxf3 Nd5 36.Kh2 Kf6
37.Rfg3 Ke7 38.Kg2 Rh5 39.Rh1 Rh4 40.Kf3 Kf6 41.Rhg1  1/2-1/2

[Event "Moscow IM4"]
[Site "Moscow"]
[Date "1996.??.??"]
[Round "?"]
[White "Mitbreit, Dmitry"]
[Black "Zhidkov, Valery S"]
[Result "1/2-1/2"]
[WhiteElo "2315"]
[BlackElo "2385"]

1.d4 Nf6 2.c4 e6 3.Nf3 Bb4+ 4.Bd2 Qe7 5.g3 Nc6 6.Bg2 Bxd2+ 7.Nbxd2 d6 8.e4 a5
9.O-O e5 10.d5 Nb8 11.b3 Bg4 12.a3 Na6 13.b4 O-O 14.Qb3 c6 15.Rfc1 Bxf3 16.Bxf3 axb4
17.axb4 c5 18.b5  1/2-1/2

[Event "Moscow Alekhine op"]
[Site "Moscow"]
[Date "1996.??.??"]
[Round "1"]
[White "Mitbreit, Dmitry"]
[Black "Aleksandrov, Aleksej"]
[Result "0-1"]
[WhiteElo "2315"]
[BlackElo "2535"]

1.d4 Nf6 2.c4 e6 3.Nf3 Bb4+ 4.Bd2 a5 5.g3 d5 6.Qc2 c6 7.Bg2 b6 8.b3 Nbd7
9.O-O Bb7 10.a3 Be7 11.Bf4 Rc8 12.Nbd2 c5 13.dxc5 Nxc5 14.Rad1 O-O 15.Be5 Ncd7
16.Qb2 Nxe5 17.Nxe5 Qc7 18.Ndf3 dxc4 19.bxc4 h6 20.Rd3 Be4 21.Rb3 a4 22.Rb5 Rfd8
23.h3 Bc5 24.e3 Ne8 25.Qc3 f6 26.Ng4 Rd3 27.Qc2 Rxe3 28.Nxe3 Bxc2 29.Nxc2 Nd6
30.Rbb1 Nxc4 31.Rfe1 Ne5 32.Nfd4 Rd8 33.Rbd1 Kf7 34.Kh2 Bxd4 35.Nxd4 Qc5
36.Nxe6 Nf3+ 37.Bxf3 Qxf2+ 38.Bg2 Rxd1 39.Rxd1 Kxe6 40.Rf1 Qb2  0-1

[Event "Moscow Alekhine op"]
[Site "Moscow"]
[Date "1996.??.??"]
[Round "1"]
[White "Yanvarjov, Igor"]
[Black "Kunin, Vitaly L"]
[Result "1-0"]
[WhiteElo "2430"]
[BlackElo "2040"]

1.d4 Nf6 2.Nf3 e6 3.c4 Bb4+ 4.Bd2 Qe7 5.g3 Nc6 6.Nc3 Bxc3 7.Bxc3 Ne4 8.Qc2 Nxc3
9.Qxc3 Qb4 10.Rc1 Qxc3+ 11.Rxc3 a5 12.Bg2 d6 13.Kd2 O-O 14.Rd1 e5 15.dxe5 dxe5
16.Ke1 f6 17.Nd2 Nd4 18.e3 Ne6 19.c5 Rd8 20.h4 a4 21.Nc4 Rxd1+ 22.Kxd1 Kf8
23.Nd2 Ke7 24.f4 Ra5 25.c6 b6 26.Be4 h6 27.Bc2 Ba6 28.fxe5 Rxe5 29.Bxa4 b5
30.Bc2 b4 31.Rb3 Nc5 32.Rxb4 Rxe3 33.Ne4 Nd3 34.Bxd3 Bxd3 35.Nc5 Rxg3 36.Rd4 Bf5
37.Rd5 Be6 38.Nxe6 Kxe6 39.Rd7 g5 40.Rxc7 Kd6 41.Rf7 Kxc6 42.Rxf6+ Kb5 43.Rxh6 gxh4
44.Rh5+ Kc4 45.Rxh4+ Kd3 46.Rh1 Rf3 47.Kc1 Rf2 48.Kb1 Kc4 49.Rh4+ Kd3 50.a3 Rf1+
51.Ka2 Kc2 52.Rc4+ Kd3 53.Kb3 Rf2 54.Rb4 Kd2 55.a4 Kc1 56.Ka2 Rc2 57.Rb3 Kd1
58.Rd3+ Ke2 59.Rc3 Rd2 60.a5 Rd5 61.a6  1-0

[Event "RUS-Cup2"]
[Site "Moscow"]
[Date "1996.??.??"]
[Round "2"]
[White "Shipov, Sergei"]
[Black "Ivanov, Vladimir Ivanovich"]
[Result "1-0"]
[WhiteElo "2535"]
[BlackElo "2415"]

1.d4 Nf6 2.c4 e6 3.Nf3 Bb4+ 4.Bd2 Bxd2+ 5.Qxd2 d5 6.g3 O-O 7.Bg2 Nbd7 8.O-O dxc4
9.Na3 e5 10.Nxc4 exd4 11.Nxd4 Nb6 12.Na5 c5 13.Ndb3 Qxd2 14.Nxd2 Re8 15.e3 Nbd5
16.e4 Nc7 17.e5 Rxe5 18.Ndc4 Re8 19.Nxb7 Bxb7 20.Bxb7 Rab8 21.Bc6 Re6 22.Bg2 Ra6
23.Rfc1 Ne6 24.b3 Nd4 25.Bf1 Re6 26.Kg2 g6 27.Nb2 Nd7 28.Na4 Rc6 29.Rd1 Ne5
30.Rac1 Ne6 31.Rd5 Ng4 32.Rd7 a6 33.Re1 Nf6 34.Ra7 Rd8 35.Rxa6 Rxa6 36.Bxa6 Rd2
37.Re2 Rd1 38.Bc4 Nd5 39.Re5 Nb4 40.Nxc5 Nxc5 41.Rxc5 Nxa2 42.Rc7 Nb4 43.Rxf7 Kh8
44.h4 Nc6 45.Rf6 Ne5 46.Re6 Nd7 47.Re8+ Kg7 48.Re7+ Kh8 49.Re8+ Kg7 50.Rd8  1-0

[Event "RUS-Cup2"]
[Site "Moscow"]
[Date "1996.??.??"]
[Round "2"]
[White "Daschian, Nikolai V"]
[Black "Rashkovsky, Nukhim N"]
[Result "1-0"]
[WhiteElo "2415"]
[BlackElo "2530"]

1.d4 Nf6 2.c4 e6 3.Nf3 Bb4+ 4.Bd2 a5 5.Nc3 d6 6.e3 Qe7 7.Qc2 e5 8.a3 Bxc3
9.Bxc3 e4 10.Nd2 Bf5 11.h3 h5 12.f4 h4 13.Be2 c6 14.O-O-O d5 15.c5 b6 16.cxb6 Qb7
17.Qa4 Qxb6 18.Nb3 O-O 19.Bxa5 Qa7 20.Qb4 c5 21.dxc5 Nc6 22.Bb6 Nxb4 23.Bxa7 Nd3+
24.Bxd3 exd3 25.Bb6 Be4 26.Rhg1 Nd7 27.Bc7 Rfc8 28.Bd6 Nb6 29.Nd2 Na4 30.b4 Nc3
31.Nxe4 dxe4 32.Kb2 Nb5 33.Ra1 Nxd6 34.cxd6 Rc2+ 35.Kb3 Rd8 36.a4 Rxd6 37.b5 Rd5
38.b6 Rdc5 39.b7 R5c3+ 40.Kb4 Rc4+ 41.Kb5 Rc5+ 42.Kb6 Rc6+ 43.Ka7 Rc7  1-0

[Event "Moscow Alekhine op"]
[Site "Moscow"]
[Date "1996.??.??"]
[Round "7"]
[White "Korotylev, Alexey"]
[Black "Ageichenko, Genadi A"]
[Result "1/2-1/2"]
[WhiteElo "2440"]
[BlackElo "2335"]

1.d4 Nf6 2.c4 e6 3.Nf3 Bb4+ 4.Bd2 Qe7 5.g3 Nc6 6.Nc3 Bxc3 7.Bxc3 Ne4 8.Rc1 d6
9.Bg2 O-O 10.d5 Nxc3 11.Rxc3 Nb8 12.dxe6 fxe6 13.Nd4 e5 14.Nc2 Nc6 15.O-O Be6
16.Ne3 Kh8 17.b3 Qd7 18.Nd5 Rf7 19.Rf3 Rxf3 20.Bxf3 Nd4 21.Bg2 c6 22.Nc3 Bg4
23.Qd2 Rf8 24.f3 Bh3 25.e3 Bxg2 26.Kxg2 Ne6 27.f4 exf4 28.exf4 Nc5 29.Re1 a5
30.Re3 h6 31.Ne2 Re8 32.Nd4 Re7 33.Qe2 Rxe3 34.Qxe3 d5 35.Nf3 b6 36.Ne5 Qe6
37.Qd4 Kh7 38.cxd5 cxd5 39.g4 Ne4 40.Kf3 Nf6 41.Qc3 Qe8 42.Qc6 Qd8 43.g5 hxg5
44.fxg5 Qe7 45.g6+ Kh6 46.Qc1+ Kh5 47.Qf4 Qe6 48.Kg2 Qc8 49.Qf3+ Kg5 50.Qg3+ Kh5
51.Qf3+ Kg5 52.Qe3+ Kh5 53.Qe2+ Kg5 54.Qf2 Qe6 55.h4+ Kh5 56.Qf4 Ne4 57.a4 Qc8
58.Qf3+ Kxh4 59.Qf4+ Kh5 60.Qf3+ Kg5 61.Qe3+  1/2-1/2

[Event "Moscow Alekhine op"]
[Site "Moscow"]
[Date "1996.??.??"]
[Round "7"]
[White "Mitbreit, Dmitry"]
[Black "Panus, Victor"]
[Result "1/2-1/2"]
[WhiteElo "2315"]
[BlackElo "2165"]

1.d4 Nf6 2.c4 e6 3.Nf3 Bb4+ 4.Bd2 Bxd2+ 5.Qxd2 O-O 6.Nc3 d5 7.e3 b6 8.cxd5 exd5
9.Bd3 Be6 10.O-O h6 11.Rac1 c5 12.b3 Nbd7 13.h3 a6 14.Rfd1 Qe7 15.dxc5 Nxc5
16.Bb1 Rad8 17.Nd4 Rd6 18.Qe2 Nfe4 19.Nxe4 dxe4 20.b4 Nd7 21.Qxa6 Nf6 22.Qe2 Bd7
23.Rd2 Rd5 24.b5 Rg5 25.Kh1 Qa3 26.Rc7 Qb4 27.Rb2 Qd6 28.Rc1 Rh5 29.Kg1 Bxh3
30.Rc6 Qe5 31.f4 exf3 32.Nxf3 Qg3 33.Qf2 Qg4 34.Nh2 Qd1+  1/2-1/2

[Event "RUS-Cup2"]
[Site "Moscow"]
[Date "1996.??.??"]
[Round "7"]
[White "Gagarin, Vasilij"]
[Black "Ageichenko, Genadi A"]
[Result "0-1"]
[WhiteElo "2420"]
[BlackElo "2355"]

1.d4 Nf6 2.c4 e6 3.Nf3 Bb4+ 4.Bd2 Qe7 5.g3 Nc6 6.Nc3 Bxc3 7.Bxc3 Ne4 8.Qc2 Nxc3
9.Qxc3 Qb4 10.Qxb4 Nxb4 11.Kd2 b6 12.Bg2 Bb7 13.a3 Nc6 14.e3 Ne7 15.b4 d6
16.Rhc1 Be4 17.Ke2 f5 18.Bf1 h6 19.Ne1 Bb7 20.Bg2 Bxg2 21.Nxg2 Kd7 22.Nf4 g5
23.Nd3 h5 24.a4 a5 25.b5 h4 26.Rh1 Ng8 27.gxh4 Rxh4 28.Rag1 Rh5 29.h4 g4
30.Nf4 Rh6 31.f3 Nf6 32.fxg4 fxg4 33.e4 Rg8 34.Ke3 Ke7 35.d5 e5 36.Ne6 Nh5
37.Ng5 g3 38.Rh3 Rf6 39.Rhxg3 Nxg3 40.Rxg3 Rh6 41.Rg4 Rf6 42.Rg1 Kd7 43.Rh1 Rh6
44.Nf3 Rg4 45.Rh2 Rf6 46.Rh3 Rg2 47.Kd3 Ra2 48.Rg3 Rf7 49.h5 Rh7 50.Rg5 Rxa4
51.Rf5 Ra1 52.Nh4 Rh1 53.Ng6 R7xh5 54.Rf7+ Kc8 55.c5 R1h2 56.Ne7+ Kb7 57.c6+ Ka7
58.Nf5 Rh7 59.Rd7 a4 60.Nxd6 a3 61.Nc8+ Kb8 62.Ne7 Rxe7 63.Rxe7 a2  0-1

[Event "Moscow-ch"]
[Site "Moscow"]
[Date "1996.??.??"]
[Round "8"]
[White "Ivliev, Oleg"]
[Black "Korotylev, Alexey"]
[Result "0-1"]
[WhiteElo "2275"]
[BlackElo "2435"]

1.d4 Nf6 2.Nf3 e6 3.c4 Bb4+ 4.Bd2 Qe7 5.g3 Nc6 6.Bg2 Bxd2+ 7.Qxd2 Ne4 8.Qc2 Qb4+
9.Nc3 Nxc3 10.Qxc3 Qxc3+ 11.bxc3 Ke7 12.Nd2 Rb8 13.Bxc6 bxc6 14.Kd1 Ba6 15.Kc2 d5
16.Rab1 Rb6 17.c5 Rxb1 18.Rxb1 Bxe2 19.Rb7 Kd7 20.Rxa7 g5 21.a4 h5 22.Rb7 h4
23.c4 hxg3 24.hxg3 Rh2 25.Rb8 Rxf2 26.a5 Bxc4 27.Rg8 Bb5 28.Rxg5 Re2 29.Rg7 Ke7
30.Rg8 Re3 31.Nb3 Rd3 32.g4 Bc4 33.Rb8 Rg3 34.Nd2 Bd3+ 35.Kb2 Rxg4 36.Ra8 Bb5
37.Nb3 Rg2+ 38.Kc3 Kd7 39.Rf8 f5 40.Rf7+ Ke8 41.Rxc7 f4 42.Nd2 f3 43.Nxf3 Rg3
44.Kb4 Rxf3 45.a6 Bxa6 46.Rxc6 Bc4 47.Rxe6+ Kd7 48.Rd6+ Kc7 49.Rh6 Bd3 50.Re6 Be4
51.Re7+ Kc6 52.Re6+ Kd7 53.Rb6 Kc7 54.Re6 Rf1 55.Ra6 Rb1+ 56.Kc3 Bg2 57.Ra7+ Rb7
58.Ra3 Bf1 59.Kd2 Bc4 60.Ke3 Rb3+ 61.Rxb3 Bxb3 62.Kf4 Kd7 63.Kf5 Bc2+ 64.Kf6 Be4
65.Kf7 Kc6 66.Ke6 Bg2 67.Ke5 Kb5  0-1